00785nam a2200157 a 450000100100000000500170001000800410002704000250006808200150009310000300010824501630013826000430030130000200034450002360036450400270060000002862720200930055038.0110411s1984 dr 000 0 spa d aDO-SdBNPbspacBNPHU axxxbV622g1 aViñas Román, Jaime A.11aGeneralidades sobre política de educación rural en la República Dominicana :bdocumento básico para estudio y discusión /cJaime A. Viñas Román. aSanto Domingo :bEditora UNPHU,c1984. a23 p. ;c22 cm. aPresentado por el Dr. Jaime A. Viñas Román, Rector de la Universidad Nacional Pedro Henríquez Ureña ante el Consejo Nacional Agricultura. Sección celebrada en el Auditorio del Campus II de la UNPHHU, el 28 de abril, 1984. aBibliografía : p. 23